Towards sustainable land management (Record no. 105897)

MARC details
000 -LEADER
fixed length control field 01021cam a2200217 4500
001 - CONTROL NUMBER
control field ##L135060
008 - FIXED-LENGTH DATA ELEMENTS--GENERAL INFORMATION
fixed length control field 060921n2006 000 0 eng u
035 ## - SYSTEM CONTROL NUMBER
System control number (Sirsi) u135060
041 0# - LANGUAGE CODE
Language code of text/sound track or separate title eng
050 04 - LIBRARY OF CONGRESS CALL NUMBER
Classification number 333.72 $2 18
100 1# - MAIN ENTRY--PERSONAL NAME
Personal name Cowell, Richard
245 00 - TITLE STATEMENT
Title Towards sustainable land management
260 ## - PUBLICATION, DISTRIBUTION, ETC.
Place of publication, distribution, etc. London
Name of publisher, distributor, etc. National Trust
Date of publication, distribution, etc. 2006
520 ## - SUMMARY, ETC.
Summary, etc. Examines the benefits which are offered by sustainable land management, and discusses the obstacles which need to be overcome in implementing such a system. Argues that such a system must be accountable to and involve the general public.
590 ## - LOCAL NOTE (RLIN)
Local note IKA031006 NTK
651 #4 - SUBJECT ADDED ENTRY--GEOGRAPHIC NAME
Geographic name United Kingdom
Chronological subdivision
690 ## - LOCAL SUBJECT ADDED ENTRY--TOPICAL TERM (OCLC, RLIN)
Topical term or geographic name as entry element ENVIRONMENTAL AND LAND CONSULTANCY-ENVIRONMENTAL MANAGEMENT
710 2# - ADDED ENTRY--CORPORATE NAME
Corporate name or jurisdiction name as entry element National Trust
9 (RLIN) 1987
856 40 - ELECTRONIC LOCATION AND ACCESS
Uniform Resource Identifier <a href="https://tourisminsights.info/ONLINEPUB/NATIONAL%20TRUST/REPORT/NATIONAL%20TRUST%20(2006),%20Towards%20Sustainable%20Land%20Management,%20NT,%20London..pdf">https://tourisminsights.info/ONLINEPUB/NATIONAL%20TRUST/REPORT/NATIONAL%20TRUST%20(2006),%20Towards%20Sustainable%20Land%20Management,%20NT,%20London..pdf</a>
Public note View the report free of charge at www.nationaltrust.org.uk
942 ## - ADDED ENTRY ELEMENTS (KOHA)
Suppress in OPAC 0
Holdings
Withdrawn status Lost status Source of classification or shelving scheme Damaged status Not for loan Home library Current library Shelving location Date acquired Total Checkouts Full call number Barcode Date last seen Copy number Price effective from Koha item type
    Dewey Decimal Classification     Virtual Virtual Online 21/09/2006   ONLINE PUBLICATION 135060-1001 06/08/2019 1 06/08/2019 Book